| 000 | 01747nam a2200421 a 4500 | ||
|---|---|---|---|
| 001 | ebr10492762 | ||
| 003 | CaPaEBR | ||
| 006 | m u | ||
| 007 | cr cn||||||||| | ||
| 008 | 110924s2011 bcc sb 001 0 eng d | ||
| 020 | _z9780774819831 (bound) | ||
| 020 | _z9780774819848 (pbk.) | ||
| 020 | _z9780774819855 (pdf) | ||
| 020 | _z9780774819862 (e-pub) | ||
| 020 | _z9780774819855 (e-book) | ||
| 040 |
_aCaPaEBR _cCaPaEBR |
||
| 035 | _a(OCoLC)750228198 | ||
| 043 |
_an-cn--- _ap------ _aa------ |
||
| 050 | 1 | 4 |
_aF1034.2 _b.P75 2011eb |
| 100 | 1 | _aPrice, John. | |
| 245 | 1 | 0 |
_aOrienting Canada _h[electronic resource] : _brace, empire, and the transpacific / _cJohn Price. |
| 260 |
_aVancouver, B.C. : _bUBC Press, _c2011. |
||
| 300 | _axiv, 445 p. | ||
| 504 | _aIncludes bibliographical references and index. | ||
| 505 | 0 | _apt. 1. Race, empire, and war -- pt. 2. Pax Americana : race, anti-communism, and Asia. | |
| 533 |
_aElectronic reproduction. _bPalo Alto, Calif. : _cebrary, _d2011. _nAvailable via World Wide Web. _nAccess may be limited to ebrary affiliated libraries. |
||
| 650 | 0 |
_aImperialism _xHistory _y20th century. |
|
| 651 | 0 |
_aCanada _xForeign relations _zPacific Area. |
|
| 651 | 0 |
_aPacific Area _xForeign relations _zCanada. |
|
| 651 | 0 |
_aCanada _xForeign relations _zAsia. |
|
| 651 | 0 |
_aAsia _xForeign relations _zCanada. |
|
| 651 | 0 |
_aCanada _xRace relations _xHistory _y20th century. |
|
| 651 | 0 |
_aAsia _xRace relations _xHistory _y20th century. |
|
| 651 | 0 |
_aCanada _xHistory, Military _y20th century. |
|
| 655 | 7 |
_aElectronic books. _2local |
|
| 710 | 2 | _aebrary, Inc. | |
| 856 | 4 | 0 |
_uhttp://site.ebrary.com/lib/rucke/Doc?id=10492762 _zAn electronic book accessible through the World Wide Web; click to view |
| 999 |
_c125376 _d125376 |
||